000 00349nam a22001337a 4500
008 170214b xxu||||| |||| 00| 0 eng d
020 _a9780306465789
041 _aeng
080 _a61
100 _a4
101 _aSHM
245 _aCHANGING HEALTH CARE SYSTEMS FROM ETHICAL, ECONOMIC AND CROSS CULTURAL PERSPECTIVES
_cLOEWY, E.H
942 _2udc
_cBK
999 _c5395
_d5395